000 00297nam a2200121Ia 4500
008 220120s9999||||xx |||||||||||||| ||und||
082 _a823 FLY
100 _aFlynn, Vince
_911966
245 0 _aProtest and defend
260 _aPoket
_bMysore
_c2007
300 _a229p.
_b45
650 _aGENERAL BOOKS
999 _c137515
_d137515